Инструкция по электроразведке; Ч. 1; Методы постоянного тока, естественного поля и теллурических токов

Λεπτομέρειες βιβλιογραφικής εγγραφής
Γλώσσα:Ρωσικά
Έκδοση: Москва, Госгеолтехиздат, 1961
Θέματα:
Μορφή: Βιβλίο
KOHA link:https://koha.lib.tpu.ru/cgi-bin/koha/opac-detail.pl?biblionumber=34515

MARC

LEADER 00000nam0a2200000 4500
001 34515
005 20231101210235.0
035 |a (RuTPU)RU\TPU\book\34914 
035 |a BOOK00001565 
090 |a 34515 
100 |a 20011210d1961 k y0rusy50 ca 
101 0 |a rus 
102 |a RU 
105 |a y z 000yy 
200 1 |a Инструкция по электроразведке  |h Ч. 1  |i Методы постоянного тока, естественного поля и теллурических токов 
210 |a Москва  |c Госгеолтехиздат  |d 1961 
215 |a 152 с. 
606 1 |a Электромагнитные методы разведки  |2 stltpush  |3 (RuTPU)RU\TPU\subj\71710  |9 85493 
610 1 |a геофизическая практика 
610 1 |a электроразведка 
610 1 |a постоянный ток 
610 1 |a теллуриты 
610 1 |a электроразведочные технологии 
610 1 |a камеральная обработка 
675 |a 550.837  |v 3 
801 0 |a RU  |b 63413507  |c 20011210  |g PSBO 
801 2 |a RU  |b 63413507  |c 20201123  |g PSBO 
900 |a Электроразведка 
942 |c BK